Vybrané aspekty rozhodujúce o výbere vhodnej lokality pre výstavbu čerpacej stanice

Lokalizácia a štruktúra maloobchodnej siete. Charakteristika maloobchodnej predajne motorových palív (čerpacej stanice). Rozhodnutie o výbere miesta pre výstavbu čerpacej stanice je kľúčovým rozhodnutím firmy, ktoré ovplyvňuje jej budúcu ekonomickú výnosnosť.

Guardado en:
Detalles Bibliográficos
Autor principal: Jurkovičová, Lujza
Formato: Capítulo de libro
Lenguaje:eslovaco
Materias:
Etiquetas: Agregar Etiqueta
Sin Etiquetas, Sea el primero en etiquetar este registro!

MARC

LEADER 00000naa$a2200000$$$4500
001 0176458
005 20240530074924.9
041 0 |a slo 
044 |a SK 
245 1 0 |a Vybrané aspekty rozhodujúce o výbere vhodnej lokality pre výstavbu čerpacej stanice  |c Lujza Jurkovičová 
520 |a Lokalizácia a štruktúra maloobchodnej siete. Charakteristika maloobchodnej predajne motorových palív (čerpacej stanice). Rozhodnutie o výbere miesta pre výstavbu čerpacej stanice je kľúčovým rozhodnutím firmy, ktoré ovplyvňuje jej budúcu ekonomickú výnosnosť. 
610 2 0 |a stanice čerpacie 
610 2 0 |a lokalizácia 
610 2 0 |a systémy informačné geografické 
100 1 |a Jurkovičová, Lujza